| 000 | 00376nam a2200157Ia 4500 | ||
|---|---|---|---|
| 008 | 230917s9999||||xx |||||||||||||| ||und|| | ||
| 020 | _cRS4.5 | ||
| 040 |
_e49195 _aMAIN |
||
| 041 | _aEnglish | ||
| 082 | _a823.8 B439A | ||
| 100 | _aBennett, Arnold | ||
| 245 | 0 | _aAnna of the five towns | |
| 260 |
_aHarmondsworth _bPenguin Books _c1967 |
||
| 300 | _a235 p. | ||
| 942 | _cBK | ||
| 999 |
_c229024 _d229024 |
||